| 000 | 00000nas 2200000za 4500 |
| 001 | 9.827756 |
| 003 | CaOODSP |
| 005 | 20221107144901 |
| 007 | cr ||||||||||| |
| 008 | 161117d19831984oncar p oss f0###a0eng|d |
| 022 | |y0828-9956 |
| 040 | |aCaOODSP|beng |
| 041 | |aeng|afre |
| 043 | |an-cn--- |
| 086 | 1 |aCS41-232-PDF |
| 245 | 00|aPower boilers, heat exchanger and fabricated structural metal products industries |h[electronic resource] / |cStatistics Canada, Industry Division, Census of Manufactures Section = Industries des chaudières à pression, des échangeurs de chaleur et de la fabrication d'éléments de charpentes métalliques / Statistique Canada, Division de l'industrie, Section du recensement des manufactures. |
| 246 | 11|aIndustries des chaudières à pression, des échangeurs de chaleur et de la fabrication d'éléments de charpentes métalliques |
| 260 | |aOttawa : |bStatistics Canada = Statistique Canada, |c1985-1986. |
| 310 | |aAnnual |
| 362 | 0 |a1983-1984. |
| 490 | 0 |aAnnual census of manufactures = Recensement annuel des manufactures |
| 500 | |aDigitized edition from print [produced by Statistics Canada]. |
| 520 | |aStatistics for the power boiler and heat exchanger industry, metal tanks (heavy gauge) industry, plate work industry, pre-engineered metal buildings industry, and other fabricated structural metal products industries. |
| 546 | |aText in English and French. |
| 580 | |aMerged with: Hardware, tool and cutlery industries; Wire and wire products industries; Ornamental and architectural metal products industry; Heating equipment industry; Stamped, pressed and coated metal products industries; Other metal fabricating industries; and, Machine shop industry, to become: Fabricated metal products industries. |
| 692 | 07|2gccst|aManufacturing industry |
| 692 | 07|2gccst|aStatistics |
| 710 | 1 |aCanada. |bStatistics Canada. |bCensus of Manufactures Section. |
| 780 | 00|tFabricated structural metal, boiler and plate works |w(CaOODSP)9.827749 |
| 785 | 00|tFabricated metal products industries |w(CaOODSP)9.827918 |
| 792 | |tPower boilers, heat exchanger and fabricated structural metal products industries |efre|w(CaOODSP)9.827767 |